| 000 | 00717cam a22002413a 4500 | ||
|---|---|---|---|
| 001 | 33089 | ||
| 003 | PGUSA | ||
| 005 | 20140828083721.0 | ||
| 008 | 100705s2010||||xxu|||||s|||||000 p eng d | ||
| 040 |
_aPGUSA _beng |
||
| 042 | _adc | ||
| 050 | 4 | _aPH | |
| 245 | 1 | 0 |
_aKalevala, The Land of the Heroes, Volume Two _h[electronic resource] |
| 260 |
_bProject Gutenberg, _c2010 |
||
| 506 | _aPublic domain in the USA. | ||
| 516 | _aElectronic text | ||
| 653 | _aFinnish poetry -- Translations into English | ||
| 700 | 1 |
_aLönnrot, Elias, _d1802-1884 |
|
| 700 | 1 |
_aKirby, W. F. _q(William Forsell), _d1844-1912 |
|
| 830 | 0 |
_aProject Gutenberg _v33089 |
|
| 856 | 4 | 0 | _uhttp://www.gutenberg.org/ebooks/33089 |
| 942 | _cEB | ||
| 999 |
_c262344 _d262344 |
||